Software engineering and project management (Record no. 189281)
[ view plain ]
| 000 -LEADER | |
|---|---|
| fixed length control field | 00770 a2200181 4500 |
| 003 - CONTROL NUMBER IDENTIFIER | |
| control field | Nust |
| 005 - DATE AND TIME OF LATEST TRANSACTION | |
| control field | 20220819084613.0 |
| 020 ## - INTERNATIONAL STANDARD BOOK NUMBER | |
| International Standard Book Number | 9789350140031 |
| 040 ## - CATALOGING SOURCE | |
| Transcribing agency | Nust |
| 082 ## - DEWEY DECIMAL CLASSIFICATION NUMBER | |
| Classification number | 005.26,CHO |
| 100 ## - MAIN ENTRY--PERSONAL NAME | |
| Personal name | Chopra, Rajiv |
| 9 (RLIN) | 98162 |
| 245 ## - TITLE STATEMENT | |
| Title | Software engineering and project management |
| Remainder of title | Concepts, Principles, Case Studies and experiments (UML) / |
| Statement of responsibility, etc. | Rajiv Chopra, |
| 260 ## - PUBLICATION, DISTRIBUTION, ETC. | |
| Place of publication, distribution, etc. | S.K..Kataria & Sons |
| Name of publisher, distributor, etc. | Delhi |
| Date of publication, distribution, etc. | 2010 |
| 300 ## - PHYSICAL DESCRIPTION | |
| Extent | 426 p |
| 505 ## - FORMATTED CONTENTS NOTE | |
| Formatted contents note | Software Product And Process Characteristics (Page-1), Requirements Elicitation (Page-32), Software Design (Page-63). Software Analysis And Testing (Page-110), OOA And OOD (Page-240), Software Maintenance (Page-251), Software Project Management (Page-266). |
| 650 ## - SUBJECT ADDED ENTRY--TOPICAL TERM | |
| Topical term or geographic name entry element | Project Management |
| 942 ## - ADDED ENTRY ELEMENTS (KOHA) | |
| Source of classification or shelving scheme | |
| Koha item type | Book |
| Call number prefix | 005.26,CHO |
| Withdrawn status | Lost status | Source of classification or shelving scheme | Damaged status | Not for loan | Permanent Location | Current Location | Shelving location | Date acquired | Full call number | Barcode | Date last seen | Price effective from | Koha item type | Public note |
|---|---|---|---|---|---|---|---|---|---|---|---|---|---|---|
| Military College of Signals (MCS) | Military College of Signals (MCS) | General Stacks | 12/12/2016 | 005.26,CHO | MCS35066 | 12/08/2016 | 12/12/2016 | Book | Almirah No.5, Shelf No.4 |
